Fausto. Werther. Herman y Dorotea
Uloženo v:
| Hlavní autor: | |
|---|---|
| Médium: | Kniha |
| Jazyk: | Undetermined |
| Vydáno: |
Madrid, España
Ediciones Ibéricas
[s.f.]
|
| Vydání: | 2 |
| Témata: | |
| Tagy: |
Přidat tag
Žádné tagy, Buďte první, kdo vytvoří štítek k tomuto záznamu!
|
MARC
| LEADER | 00000nam a2200000Ia 4500 | ||
|---|---|---|---|
| 008 | 170316s9999 xx 000 0 und d | ||
| 040 | |a cru BVZT | ||
| 090 | |a 830 G-4fw | ||
| 100 | |a Goethe | ||
| 245 | |a Fausto. Werther. Herman y Dorotea | ||
| 250 | |a 2 | ||
| 260 | |a Madrid, España | ||
| 260 | |b Ediciones Ibéricas | ||
| 260 | |c [s.f.] | ||
| 300 | |a 532 páginas | ||
| 650 | |a LITERATURA ALEMANA | ||
| 999 | |c 7323 |d 7323 | ||
| 942 | |c 15 D |h 830 G-4fw |2 z | ||
